Statistieken voor Hoofdsteden van Oceanië

Klik hier om de quiz te nemen!

Algemene statistieken

  • Deze quiz is 2.273 keer genomen
  • De gemiddelde score is 7 van 14

Antwoordstatistieken

LandHoofdstad% Correct
AustraliëCanberra
98%
Nieuw-ZeelandWellington
85%
FijiSuva
55%
Papoea-Nieuw-GuineaPort Moresby
51%
VanuatuPort Vila
46%
KiribatiZuid-Tarawa
46%
NauruYaren
45%
SamoaApia
44%
TuvaluFunafuti
40%
MarshalleilandenMajuro
40%
MicronesiaPalikir
39%
TongaNuku'alofa
38%
SalomonseilandenHoniara
36%
PalauNgerulmud
36%

Scoreverdeling

Percentiel versus Aantal Correcte Antwoorden

Procent van Mensen met Elke Score

Uw Scoregeschiedenis

U heeft deze quiz nog niet genomen